|
|
|
|
| LEADER |
00000nam a2200000 i 4500 |
| 001 |
in00000000735 |
| 005 |
20251126075706.9 |
| 002 |
526401/Н 35-734155 |
| 008 |
080115s2007 unr l000 0yukr d |
| 020 |
|
|
|c 23.00 грн
|
| 035 |
|
|
|a ( UA-KiNSAL)526401/Н 35-734155
|
| 040 |
|
|
|a UA-KiNSAL
|b ukr
|c UA-KiNSAL
|
| 080 |
|
|
|a 001:63(066)
|
| 090 |
|
|
|a 001:63(066)
|b Н 35
|
| 245 |
0 |
0 |
|a Науковий вісник Національного аграрного університету /
|c Національний аграрний університетНац. аграр. ун-т ; редкол.: Д. О. Мельничук ( відп. ред. ) [та ін].
|p Вип. 107, Ч.1
|
| 260 |
|
|
|a К. :
|b НАУ,
|c 2007
|
| 300 |
|
|
|a 356 с.
|
| 530 |
|
|
|a Original record
|u https://kubg.libs.net.ua/kubg_recs/0000020049.txt
|
| 650 |
0 |
4 |
|a Національний аграрний ун-т
|x Період та пр. вид.
|
| 700 |
1 |
|
|a Мельничук, Д.О.
|e ред.
|
| 942 |
|
|
|2 UDC
|c BK
|
| 952 |
|
|
|b книга
|z 20080211
|i 526401
|j 526401/Н 35-734155
|o 001:63(066) Н 35
|a 62
|g 23.00
|c 1
|
| 952 |
|
|
|b книга
|z 20080312
|i 526510
|j 526401/Н 35-734155
|o 001:63(066) Н 35
|g 23.00
|c 2
|
| 952 |
|
|
|b книга
|z 20080312
|i 526511
|j 526401/Н 35-734155
|o 001:63(066) Н 35
|g 23.00
|c 3
|
| 920 |
|
|
|a SPEC
|
| 961 |
|
|
|a 691
|
| 991 |
0 |
0 |
|a 526401/Н 35-734155
|
| 997 |
|
|
|a 0000020049
|
| 998 |
|
|
|a 20049
|
| 999 |
f |
f |
|i 01b21950-3f83-4d7a-94de-1cf898ba650d
|s 58e63df7-08cb-40b9-9811-31590fc6a2cc
|t 0
|